000 00292nam a22001337a 4500
008 170925b xxu||||| |||| 00| 0 eng d
020 _a9781878380814
041 _aeng
080 _a37
100 _a46
101 _aEDU
245 _aFACULTY WORKLOAD STUDIES
_cMEYER,K.A
942 _2udc
_cBK
999 _c29489
_d29489